Світ Софії (Запис № 17759)

000 -Маркер запису
Контрольне поле сталої довжини 01995nam a22002657a 4500
003 - Належність контрольного номера
Контрольне поле Uzh_bibl
008 - Кодовані дані
Контрольне поле сталої довжини 260514b |||||||| |||| 00| 0 ukr d
020 ## - Індекс ISBN
ISBN 978-966-8853-77-7
Ціна 120.00
040 ## - Джерело каталогіз.
Код мови каталог. укр.
041 ## - Код мови видання
Код мови оригіналу норвезька, букмол, данськонорвезька, ландсмол, новонорвезька, нюнорск, ріксмол
Код мови тексту українська
080 ## - Індекс УДК
Індекс УДК 101
090 ## - Шифри
Поличний індекс 101
Авторський знак Ґ 68
100 ## - Автор
Автор Ґордер,Юстейн
245 ## - Назва
Назва Світ Софії
Відповідальність Перекл. з норвезької Наталія Іваничук
Фізичний носій Текст
260 ## - Вихідні дані
Місце видання Львів
Видавництво Літопис
Дата видання 2019
300 ## - Фізичний опис
Обсяг 536 с.
Тип одиниці В опр.
490 ## - Серія
№ тому 3-е видання
520 ## - Анотація
Анотація Світ Софії» – це роман про історію філософії. Головна героїня – чотирнадцятирічна дівчинка Софія знаходить у поштовій скриньці листа від загадкового філософа, в якому лише два запитання «Хто ти?» і «Звідки взявся світ?». Саме ці питання завжди цікавили людство.<br/><br/>З них і почалася мандрівка дівчинки у світ філософії, починаючи від мислителів Стародавньої Греції і аж до філософів сучасності. Захоплююча мандрівка інтелекту і уяви дає чудову нагоду читачеві різного віку подорожувати слідами великих мислителів, відкриваючи таємниці загадкового та багатозначного світу Софії, Світу Мудрості.
521 ## - Примітка про цільове призначення
Примітка про цільове призначення Для широкого кола читачів
546 ## - Примітка про мову
Примітка про мову укр.
650 ## - Тематичні рубрики
Основна рубрика Літературно-художнє видання
653 ## - Ключові слова
Ключові слова Дівчинка
-- Філософія
-- Мандрівка
655 ## - Термін індексування — жанр/форма
Жанр/форма Пригоди
Типове ділення Роман про історію філософії
942 ## - ADDED ENTRY ELEMENTS (KOHA)
Джерело класифікації чи схема поличного розташування
Koha item type Книги
Фонди
Статус вилучення Статус втрати/відсутності Джерело класифікації чи схема поличного розташування Статус пошкодження Тип обігу (не для випозичання) Постійне розташування Поточне розташування Розташування у відділі Дата надходження Інвентарний номер Total Checkouts Повний (примірниковий) шифр зберігання Штрих-код Date last seen Дата, для якої чинна ціна заміни Тип одиниці (рівень примірника)
          Бібліотека-філія №3 Бібліотека-філія №3 Абонемент старший відділ 14/05/2026 72398   101 4230 14/05/2026 14/05/2026 Книги

Працює на АБІС Коха